LEADER 00539nam a2200169 i 4500 001 000000190803 003 CaOOAMICUS 005 20100702000000.0 008 100702n it u000 u fre u 013 $a169252 040 $aSeMil$bita 245 10$a[2]. 300 $a1 v. :$bfoto. 773 0 $tVisage de Therese de Lisieux.$d[S.l.] : Office central de Lisieux, copyr. 1961.$w()23479 850 $aSeMil 852 $aSeMil$W1$xVenegono$y1$m3H IV 155$j141420$B141420$CSeMilBibl$Z2$F152964 $81 996 $6245$a[2]$9(OLS)http://semarc/title/54267 LEADER 01012nam a2200217 i 4500 001 000000090788 003 CaOOAMICUS 005 20151125000000.0 008 151125s1720 xx u000 u fre u 013 $a63030 026 $aren- &ata u-du lequ (3) 1720 (R) 040 $aSeMil$bita 245 13$aLa vie de la Tres-Sainte Vierge proposée en modèle d'une vie parfaitement chrétienne. 260 $aA Lyon :$bChez Marcellin Duplain, libraire, ruë Merciere,$c1720. 300 $a[10], 363, [19] p. ;$c12°. 500 $aSegn. : a5 A-Q12. - Fregio xilogr. sul front. - Testate xilogr. 650 4$aMadonna - Biografie.$0(OLS)http://semarc/subject/16590 850 $aSeMil 852 $aSeMil$W1$xVenegono$y1$m3J I 20 FA$j53755$B53755$CSeMilBibl$Z2$F58389 $8I 996 $6245$aLa vie de la Tres-Sainte Vierge proposée en modèle d'une vie parfaitement chrétienne$9(OLS)http://semarc/title/136803 996 $6260$aA Lyon :$bChez Marcellin Duplain, libraire, ruë Merciere$9(OLS)http://semarc/publisher/43670